| 000 -LEADER |
| fixed length control field |
01197nam a22003017a 4500 |
| 008 - FIXED-LENGTH DATA ELEMENTS--GENERAL INFORMATION |
| fixed length control field |
250524b xxu||||| |||| 00| 0 eng d |
| 040 ## - CATALOGING SOURCE |
| Transcribing agency |
Cagayan State University |
| 082 ## - DEWEY DECIMAL CLASSIFICATION NUMBER |
| Classification number |
791.4372 |
| Item number |
K48 |
| 245 ## - TITLE STATEMENT |
| Title |
The killers game / directed by J. J. Perry ; produced by Andrew ,Lazar, Steve Richards, Kia Jam ; written by Rand Ravich and James Coyne. |
| 260 ## - PUBLICATION, DISTRIBUTION, ETC. (IMPRINT) |
| Place of publication, distribution, etc |
United States : |
| Name of publisher, distributor, etc |
Lionsgate, |
| -- |
Amazon MGM Studios, |
| Date of publication, distribution, etc |
2024. |
| 300 ## - PHYSICAL DESCRIPTION |
| Extent |
1 video file, (ca 106 mins,) : |
| Other physical details |
sound, color. |
| 520 ## - SUMMARY, ETC. |
| Summary, etc |
When a hitman is diagnosed with a terminal illness, he decides to take a hit out on himself. But when the very hitmen he hired also target his ex-girlfriend, he must fend off an army of assassin colleagues. |
| 546 ## - LANGUAGE NOTE |
| Language note |
In English subtitle. |
| 600 ## - SUBJECT ADDED ENTRY--PERSONAL NAME |
| Personal name |
|
| 650 ## - SUBJECT ADDED ENTRY--TOPICAL TERM |
| Topical term or geographic name as entry element |
Action |
| 650 ## - SUBJECT ADDED ENTRY--TOPICAL TERM |
| Topical term or geographic name as entry element |
Comedy |
| 650 ## - SUBJECT ADDED ENTRY--TOPICAL TERM |
| Topical term or geographic name as entry element |
Thriller |
| 650 ## - SUBJECT ADDED ENTRY--TOPICAL TERM |
| Topical term or geographic name as entry element |
Crime ficiton |
| 700 ## - ADDED ENTRY--PERSONAL NAME |
| Personal name |
Bautista, Dave, star. |
| 700 ## - ADDED ENTRY--PERSONAL NAME |
| Personal name |
Boutella, Sofia, star. |
| 700 ## - ADDED ENTRY--PERSONAL NAME |
| Personal name |
Crews, Terry, star. |
| 700 ## - ADDED ENTRY--PERSONAL NAME |
| Personal name |
Adkins, Scott, star. |
| 700 ## - ADDED ENTRY--PERSONAL NAME |
| Personal name |
Klementieff, Pom, star. |
| 700 ## - ADDED ENTRY--PERSONAL NAME |
| Personal name |
Kingsley, Ben, star |
| 700 ## - ADDED ENTRY--PERSONAL NAME |
| Personal name |
Labiano, Flavio Martínez, cinematographer. |
| 700 ## - ADDED ENTRY--PERSONAL NAME |
| Personal name |
Smith, Simon, editor. |
| 942 ## - ADDED ENTRY ELEMENTS (KOHA) |
| Source of classification or shelving scheme |
|
| Item type |
Audio-Visual Materials |